LEADER 01333nam a2200253 i 4500 001 000000335872 003 CaOOAMICUS 005 20190806173850.0 008 190806s1788 it u000 u lat u 013 $a180468 026 $au-me i-it ean- TuPa (3) 1788 (R) 040 $aSeMil$bita 100 1 $aGuadagnini, Giovanni Battista,$d<1723-1807>.$0(OLS)http://semarc/name/72905 245 10$aDe tollenda ecclesiastici calendari perenni instabilitate votum ac problema Ernesti Christiani Willmanni. 264 1$a[Pavia] :$bExcudebat, venia impetrata, Joseph Bolzanius r. Civitatis & imp. universit. typographus,$c1788. 264 1$aBrescia :$bpresso Pietro Vescovi,$c1798. 300 $a79, [1] p. ;$c8°. 700 1 $aBolzani, Giuseppe,$c.$0(OLS)http://semarc/name/12088 850 $aSeMil 852 $aSeMil$W1$xVenegono$y1$m3X III 10 FA$j215184$B227722$CSeMilBibl$Z2$F227722 $8I 996 $6245$aDe tollenda ecclesiastici calendari perenni instabilitate votum ac problema Ernesti Christiani Willmanni$9(OLS)http://semarc/title/425199 996 $6264$aBrescia :$bpresso Pietro Vescovi$9(OLS)http://semarc/publisher/51660 996 $6264$a[Pavia] :$bExcudebat, venia impetrata, Joseph Bolzanius r. Civitatis & imp. universit. typographus$9(OLS)http://semarc/publisher/58449 LEADER 01426nam a2200277 i 4500 001 000000188916 003 CaOOAMICUS 005 20100423000000.0 008 100423s1969 be u000 u eng u 013 $a167152 040 $aSeMil$bita 245 10$aReligious pluralism and world community :$binterfaith and intercultural communication /$cedited by Edward J. Jurji. 260 $aLeiden :$bE. J. Brill,$c1969. 300 $aVIII, 314 p. ;$c25 cm. 490 0 $aStudies in the history of religions : supplements to Numen ;$v15. 500 $aAtti della 2. Gallahue Conference, tenuta al Princeton Theological Seminary, maggio, 1966. 650 4$aPluralismo religioso.$0(OLS)http://semarc/subject/9837 650 4$aReligione e sociologia.$0(OLS)http://semarc/subject/19498 650 4$aComunicazione interculturale - Aspetti religiosi.$0(OLS)http://semarc/subject/33614 700 1 $aJurji, Edward Jabra <1907->.$0(OLS)http://semarc/name/69187 830 0$aStudies in the history of religions : supplements to Numen ;$v15.$0(OLS)http://semarc/title/30798 850 $aSeMil 852 $aSeMil$W1$xVenegono$y1$m2X IV 169$j139552$B139552$CSeMilBibl$Z2$F151174 $81 961 $aAcquisto: Casa editrice 996 $6245$aReligious pluralism and world community :$binterfaith and intercultural communication$9(OLS)http://semarc/title/271966 996 $6260$aLeiden :$bE. J. Brill$9(OLS)http://semarc/publisher/30490